|
|
|
|
| LEADER |
00000cam a2200000 7i4500 |
| 001 |
0000007883 |
| 005 |
20160330.0 |
| 008 |
070907 |
| 020 |
|
|
|a 1853261866
|
| 090 |
0 |
0 |
|a CLA
|b ENG (9069)
|
| 245 |
0 |
0 |
|a Classic Victorian & Edwardian ghost stories
|c selected by Rex Collings
|
| 260 |
|
|
|a London :
|b Wordsworth Classic ,
|c 1996
|
| 500 |
|
|
|a Teenager ages 13-18 years old (blue)
|
| 650 |
|
0 |
|a Novel
|
| 650 |
|
0 |
|a Teenagers
|x English
|x Languages
|
| 999 |
|
|
|a 0000991612
|b Book
|c Teenagers
|e Perbadanan Perpustakaan Awam Johor
|
| 999 |
|
|
|a 0000991613
|b Book
|c Teenagers
|e Perbadanan Perpustakaan Awam Johor
|